LEADER 02342nam 2200577Ia 450 001 9910784014803321 005 20230617004928.0 010 $a1-281-86698-9 010 $a9786611866983 010 $a1-86094-742-5 035 $a(CKB)1000000000336363 035 $a(EBL)296121 035 $a(OCoLC)476063497 035 $a(SSID)ssj0000154246 035 $a(PQKBManifestationID)11164508 035 $a(PQKBTitleCode)TC0000154246 035 $a(PQKBWorkID)10407654 035 $a(PQKB)10027487 035 $a(MiAaPQ)EBC296121 035 $a(WSP)00000711 035 $a(Au-PeEL)EBL296121 035 $a(CaPaEBR)ebr10174043 035 $a(CaONFJC)MIL186698 035 $a(EXLCZ)991000000000336363 100 $a20051114d2005 uy 0 101 0 $aeng 135 $aur|n|---||||| 181 $ctxt 182 $cc 183 $acr 200 00$aFemtosecond beam science$b[electronic resource] /$fedited by Mitsuru Uesaka 210 $aLondon $cImperial College Press$d2005 215 $a1 online resource (439 p.) 300 $aDescription based upon print version of record. 311 $a1-86094-343-8 320 $aIncludes bibliographical references and index. 327 $aPreface; Contents; 1. Introduction; 2. Femtosecond Beam Generation; 3. Diagnosis and Synchronization; 4. Applications; Bibliography; Index 330 $aThis book explores recent developments and advances in femtosecond beam science, making these more accessible through contributions from leaders in the field. Each contribution aims to make the particular area of femtosecond beam science accessible through explaining the particular field, reviewing recent advances worldwide, and featuring important results and possible future uses of femtosecond pulses in the field. Femtosecond beam science is expected to lead to the development of technology realizing dynamic microscopy, that is, the visualization of atomic motions, chemical reactions, protei 606 $aFemtochemistry 606 $aLaser beams 615 0$aFemtochemistry. 615 0$aLaser beams. 676 $a621.36 701 $aUesaka$b Mitsuru$01543577 801 0$bMiAaPQ 801 1$bMiAaPQ 801 2$bMiAaPQ 906 $aBOOK 912 $a9910784014803321 996 $aFemtosecond beam science$93797118 997 $aUNINA LEADER 02938nam 2200673 a 450 001 9910954827303321 005 20251117094802.0 010 $a1-283-39408-1 010 $a9786613394088 010 $a0-12-387015-1 035 $a(CKB)2550000000075580 035 $a(EBL)858695 035 $a(OCoLC)775872063 035 $a(SSID)ssj0000575975 035 $a(PQKBManifestationID)12212983 035 $a(PQKBTitleCode)TC0000575975 035 $a(PQKBWorkID)10553420 035 $a(PQKB)10369541 035 $a(Au-PeEL)EBL858695 035 $a(CaPaEBR)ebr10521171 035 $a(CaONFJC)MIL339408 035 $a(PPN)170602222 035 $a(FR-PaCSA)88811765 035 $a(MiAaPQ)EBC858695 035 $a(MiAaPQ)EBC7263741 035 $a(EXLCZ)992550000000075580 100 $a20111219d2012 uy 0 101 0 $aeng 135 $aur|n|---||||| 181 $ctxt$2rdacontent 182 $cc$2rdamedia 183 $acr$2rdacarrier 200 10$aIntroduction to robust estimation and hypothesis testing /$fRand Wilcox 205 $a3rd ed. 210 $aAmsterdam ;$aBoston $cAcademic Press$d2012 215 $a1 online resource (713 p.) 225 1 $aStatistical Modeling and Decision Science 300 $aDescription based upon print version of record 311 08$a0-12-804781-X 311 08$a0-12-386983-8 320 $aIncludes bibliographical references and index. 327 $aMachine generated contents note: Preface 1. Introduction 2. A Foundation for Robust Methods 3. Estimating Measures of Location and Scale 4. Confidence Intervals in the One-Sample Case 5. Comparing Two Groups 6. Some Multivariate Methods 7. One-Way and Higher Designs for Independent Groups 8. Comparing Multiple Dependent Groups 9. Correlation and Tests of Independence 10. Robust Regression 11. More Regression Methods. 330 $a"This book focuses on the practical aspects of modern and robust statistical methods. The increased accuracy and power of modern methods, versus conventional approaches to the analysis of variance (ANOVA) and regression, is remarkable. Through a combination of theoretical developments, improved and more flexible statistical methods, and the power of the computer, it is now possible to address problems with standard methods that seemed insurmountable only a few years ago"--$cProvided by publisher. 410 0$aStatistical Modeling and Decision Science 606 $aEstimation theory 606 $aRobust statistics 606 $aStatistical hypothesis testing 615 0$aEstimation theory. 615 0$aRobust statistics. 615 0$aStatistical hypothesis testing. 676 $a519.5/44 700 $aWilcox$b Rand R$0148674 801 0$bMiAaPQ 801 1$bMiAaPQ 801 2$bMiAaPQ 906 $aBOOK 912 $a9910954827303321 996 $aIntroduction to robust estimation and hypothesis testing$94456556 997 $aUNINA